[Event "Baku Chess Olympiad | Open"]
[Site "chess24.com"]
[Date "2016.09.12"]
[Round "10"]
[White "Johnson, Joshua"]
[Black "Hemam, Moulaye Brahim"]
[Result "1-0"]
[Board "3"]
[WhiteID "7700768"]
[WhiteElo "2119"]
[WhiteTitle "FM"]
[WhiteCountry "TTO"]
[WhiteFideId "7700768"]
[WhiteEloChange "8"]
[BlackID "19600054"]
[BlackElo "2032"]
[BlackTitle "CM"]
[BlackCountry "MTN"]
[BlackFideId "19600054"]
[BlackEloChange "-8"]

1. e4 {[%clk 1:30:59]} c5 {[%clk 1:30:53]} 2. Nf3 {[%clk 1:31:23]} Nc6 {[%clk
1:31:17]} 3. d4 {[%clk 1:31:51]} cxd4 {[%clk 1:31:40]} 4. Nxd4 {[%clk 1:32:19]}
Nf6 {[%clk 1:32:01]} 5. Nc3 {[%clk 1:32:42]} e5 {[%clk 1:32:26]} 6. Ndb5 {[%clk
1:33:11]} d6 {[%clk 1:32:47]} 7. Bg5 {[%clk 1:33:33]} a6 {[%clk 1:33:06]} 8. Na3
{[%clk 1:33:57]} b5 {[%clk 1:33:30]} 9. Nd5 {[%clk 1:34:25]} Be7 {[%clk 1:33:51]}
10. Bxf6 {[%clk 1:34:49]} Bxf6 {[%clk 1:34:09]} 11. c4 {[%clk 1:34:38]} Be6
{[%clk 1:31:05]} 12. cxb5 {[%clk 1:34:12]} Nd4 {[%clk 1:31:27]} 13. Bc4 {[%clk
1:32:34]} Qa5+ {[%clk 1:29:30]} 14. Qd2 {[%clk 1:32:07]} axb5 {[%clk 1:29:37]}
15. Nxb5 {[%clk 1:29:54]} Bxd5 {[%clk 1:25:48]} 16. Qxa5 {[%clk 1:29:39]} Rxa5
{[%clk 1:26:05]} 17. Nc7+ {[%clk 1:30:04]} Kd7 {[%clk 1:25:52]} 18. Nxd5 {[%clk
1:30:31]} Nc2+ {[%clk 1:26:00]} 19. Ke2 {[%clk 1:29:47]} Nxa1 {[%clk 1:25:53]}
20. Rxa1 {[%clk 1:30:15]} Rb8 {[%clk 1:21:09]} 21. b3 {[%clk 1:30:11]} Bd8 {[%clk
1:21:06]} 22. a4 {[%clk 1:28:39]} Raa8 {[%clk 1:11:35]} 23. b4 {[%clk 1:20:11]}
Bb6 {[%clk 1:10:56]} 24. a5 {[%clk 1:19:09]} Bd4 {[%clk 1:04:07]} 25. Ra2 {[%clk
1:19:15]} Rc8 {[%clk 1:03:04]} 26. Kd3 {[%clk 1:18:42]} Ra7 {[%clk 0:56:43]} 27.
b5 {[%clk 1:08:08]} Rca8 {[%clk 0:50:16]} 28. a6 {[%clk 1:08:31]} Rb8 {[%clk
0:50:32]} 29. Nb4 {[%clk 1:02:25]} Rb6 {[%clk 0:44:00]} 30. Nc6 {[%clk 1:01:26]}
Rxc6 {[%clk 0:41:31]} 31. bxc6+ {[%clk 1:01:47]} Kxc6 {[%clk 0:41:55]} 32. Bd5+
{[%clk 1:02:03]} Kb5 {[%clk 0:41:03]} 33. Bb7 {[%clk 1:02:14]} Kb6 {[%clk
0:39:00]} 34. Rc2 {[%clk 1:00:12]} Bc5 {[%clk 0:31:31]} 35. Kc4 {[%clk 1:00:27]}
g5 {[%clk 0:25:45]} 36. Kd5 {[%clk 0:58:47]} h5 {[%clk 0:25:17]} 37. f3 {[%clk
0:58:46]} h4 {[%clk 0:23:22]} 38. h3 {[%clk 0:55:45]} Kb5 {[%clk 0:20:26]} 39.
Rb2+ {[%clk 0:54:55]} Ka4 {[%clk 0:19:25]} 40. Kc6 {[%clk 1:24:58]} Bd4 {[%clk
0:39:29]} 41. Rb1 {[%clk 1:25:10]} Bc5 {[%clk 0:37:09]} 42. Rd1 {[%clk 1:24:44]}
Bd4 {[%clk 0:33:10]} 43. Kxd6 {[%clk 1:24:35]} Kb3 {[%clk 0:33:29]} 44. Rd2
{[%clk 1:23:24]} Kc3 {[%clk 0:33:37]} 45. Ra2 {[%clk 1:23:52]} Kd3 {[%clk
0:33:51]} 46. Ra5 {[%clk 1:08:22]} Ke2 {[%clk 0:28:21]} 47. Ke7 {[%clk 0:38:08]}
Kf1 {[%clk 0:26:00]} 48. Ra2 {[%clk 0:38:32]} Bf2 {[%clk 0:26:14]} 49. Kf6 {[%clk
0:38:51]} Kxg2 {[%clk 0:26:19]} 50. Kxg5 {[%clk 0:39:13]} Kxf3 {[%clk 0:24:20]}
51. Rxf2+ {[%clk 0:39:37]} Kxf2 {[%clk 0:24:41]} 52. Kxh4 {[%clk 0:40:04]} Kf3
{[%clk 0:01:42]} 53. Kg5 {[%clk 0:40:05]} Rxa6 {[%clk 0:00:39]} 54. Bxa6 {[%clk
0:40:33]} Kxe4 {[%clk 0:01:02]} 55. h4 {[%clk 0:40:47]} f6+ {[%clk 0:00:38]} 56.
Kxf6 {[%clk 0:40:32]} 1-0

[Event "Baku Chess Olympiad | Open"]
[Site "chess24.com"]
[Date "2016.09.12"]
[Round "10"]
[White "Elarbi, Abobker"]
[Black "Manan, Yoboue Hermann"]
[Result "*"]
[Board "1"]
[WhiteID "9200355"]
[WhiteElo "2297"]
[WhiteTitle "FM"]
[WhiteCountry "LBA"]
[WhiteFideId "9200355"]
[BlackID "20800061"]
[BlackElo "2115"]
[BlackCountry "CIV"]
[BlackFideId "20800061"]

1. d4 {[%clk 1:30:56]} Nf6 {[%clk 1:30:49]} 2. Nf3 {[%clk 1:31:01]} g6 {[%clk
1:31:08]} 3. g3 {[%clk 1:31:07]} Bg7 {[%clk 1:31:24]} 4. Bg2 {[%clk 1:31:33]} O-O
{[%clk 1:31:40]} 5. O-O {[%clk 1:31:21]} d6 {[%clk 1:30:47]} 6. c4 {[%clk
1:31:40]} Nc6 {[%clk 1:30:31]} 7. Nc3 {[%clk 1:30:45]} Bg4 {[%clk 1:29:41]} 8. h3
{[%clk 1:29:30]} Bxf3 {[%clk 1:27:50]} 9. Bxf3 {[%clk 1:29:46]} Nd7 {[%clk
1:28:05]} 10. e3 {[%clk 1:24:11]} Nb6 {[%clk 1:24:57]} 11. Qe2 {[%clk 1:19:57]}
Qc8 {[%clk 1:23:47]} 12. Kh2 {[%clk 1:19:00]} Re8 {[%clk 1:21:31]} 13. Bg2 {[%clk
1:15:11]} e5 {[%clk 1:15:02]} 14. d5 {[%clk 1:15:26]} Ne7 {[%clk 1:15:11]} 15. e4
{[%clk 1:14:14]} a5 {[%clk 1:09:03]} 16. Be3 {[%clk 1:13:51]} Nd7 {[%clk
1:09:24]} 17. h4 {[%clk 1:13:29]} f5 {[%clk 1:08:47]} 18. Bh3 {[%clk 1:13:33]} b6
{[%clk 1:05:33]} 19. Qc2 {[%clk 1:04:40]} Rf8 {[%clk 1:03:17]} 20. Bg5 {[%clk
1:02:14]} Nf6 {[%clk 1:01:24]} 21. f4 {[%clk 1:01:22]} h6 {[%clk 0:48:30]} 22.
Bxf6 {[%clk 1:00:35]} Bxf6 {[%clk 0:47:22]} 23. exf5 {[%clk 0:51:49]} gxf5 {[%clk
0:43:52]} 24. Rf2 {[%clk 0:47:35]} Rf7 {[%clk 0:41:00]} 25. Raf1 {[%clk 0:47:22]}
Qd8 {[%clk 0:41:09]} 26. Bxf5 {[%clk 0:42:55]} Nxf5 {[%clk 0:30:18]} 27. Qxf5
{[%clk 0:43:15]} Bg7 {[%clk 0:28:24]} 28. Qe6 {[%clk 0:42:23]} Qd7 {[%clk
0:27:46]} 29. Qxd7 {[%clk 0:38:53]} Rxd7 {[%clk 0:28:00]} 30. f5 {[%clk 0:38:59]}
Bf6 {[%clk 0:25:40]} 31. Ne4 {[%clk 0:39:21]} Kf7 {[%clk 0:25:44]} 32. Kh3 {[%clk
0:39:05]} h5 {[%clk 0:25:32]} 33. Rg1 {[%clk 0:38:54]} Rg8 {[%clk 0:25:19]} 34.
g4 {[%clk 0:39:15]} hxg4+ {[%clk 0:25:13]} 35. Rxg4 {[%clk 0:39:43]} Rxg4 {[%clk
0:25:27]} 36. Kxg4 {[%clk 0:40:09]} Rd8 {[%clk 0:25:48]} 37. Rh2 {[%clk 0:26:59]}
Rh8 {[%clk 0:21:04]} 38. h5 {[%clk 0:25:54]} Rg8+ {[%clk 0:15:47]} 39. Kf3 {[%clk
0:26:15]} Rg1 {[%clk 0:10:46]} 40. h6 {[%clk 0:56:07]} Bh8 {[%clk 0:40:38]} 41.
h7 {[%clk 0:38:23]} Kg7 {[%clk 0:39:44]} 42. Rg2+ {[%clk 0:38:09]} Rxg2 {[%clk
0:39:53]} 43. Kxg2 {[%clk 0:38:37]} Kxh7 {[%clk 0:40:07]} 44. Kf3 {[%clk
0:38:35]} Kh6 {[%clk 0:40:21]} 45. Kg4 {[%clk 0:38:51]} Bg7 {[%clk 0:39:55]} 46.
f6 {[%clk 0:39:19]} Bf8 {[%clk 0:39:18]} 47. Kf5 {[%clk 0:39:47]} Kh5 {[%clk
0:39:26]} 48. Ng5 {[%clk 0:40:10]} Bh6 {[%clk 0:39:05]} 49. f7 {[%clk 0:40:24]}
Kh4 {[%clk 0:37:03]} 50. Ne6 {[%clk 0:40:39]} Kg3 {[%clk 0:36:39]} 51. Ke4 {[%clk
0:41:07]} Kf2 {[%clk 0:36:35]} *

[Event "Baku Chess Olympiad | Open"]
[Site "chess24.com"]
[Date "2016.09.12"]
[Round "10"]
[White "Mambe, Lobognon Anderson Olivier"]
[Black "Al Moshaiti, Khalil"]
[Result "1/2-1/2"]
[Board "2"]
[WhiteID "20800070"]
[WhiteElo "1880"]
[WhiteTitle "CM"]
[WhiteCountry "CIV"]
[WhiteFideId "20800070"]
[WhiteEloChange "5"]
[BlackID "9200525"]
[BlackElo "2053"]
[BlackCountry "LBA"]
[BlackFideId "9200525"]
[BlackEloChange "-5"]

1. e4 {[%clk 1:30:54]} c5 {[%clk 1:30:43]} 2. Nf3 {[%clk 1:31:11]} d6 {[%clk
1:30:51]} 3. d4 {[%clk 1:31:03]} cxd4 {[%clk 1:30:55]} 4. Nxd4 {[%clk 1:31:15]}
Nf6 {[%clk 1:30:50]} 5. Nc3 {[%clk 1:31:17]} g6 {[%clk 1:31:05]} 6. Be3 {[%clk
1:30:23]} Bg7 {[%clk 1:31:00]} 7. f3 {[%clk 1:29:49]} O-O {[%clk 1:31:12]} 8. Qd2
{[%clk 1:28:50]} Nc6 {[%clk 1:30:17]} 9. O-O-O {[%clk 1:25:30]} d5 {[%clk
1:29:10]} 10. Qe1 {[%clk 1:20:58]} e5 {[%clk 1:25:39]} 11. Nxc6 {[%clk 1:19:14]}
bxc6 {[%clk 1:26:08]} 12. exd5 {[%clk 1:19:20]} Nxd5 {[%clk 1:26:04]} 13. Bc4
{[%clk 1:17:38]} Be6 {[%clk 1:25:34]} 14. Nxd5 {[%clk 1:05:52]} Bxd5 {[%clk
1:23:24]} 15. Bb3 {[%clk 1:03:52]} Qc7 {[%clk 1:22:39]} 16. Bxd5 {[%clk 1:04:34]}
cxd5 {[%clk 1:23:07]} 17. Rxd5 {[%clk 1:03:58]} Qc4 {[%clk 1:22:44]} 18. Ra5
{[%clk 1:03:40]} Rfc8 {[%clk 1:21:41]} 19. c3 {[%clk 1:02:15]} e4 {[%clk
1:11:13]} 20. Bd2 {[%clk 1:01:01]} exf3 {[%clk 1:09:19]} 21. gxf3 {[%clk
1:00:58]} Re8 {[%clk 1:01:29]} 22. Qg3 {[%clk 0:57:51]} Rad8 {[%clk 0:36:33]} 23.
Re1 {[%clk 0:46:42]} Re2 {[%clk 0:32:13]} 24. Rxe2 {[%clk 0:43:16]} Qxe2 {[%clk
0:32:42]} 25. Qe1 {[%clk 0:43:22]} Qxh2 {[%clk 0:29:15]} 26. Rxa7 {[%clk
0:41:00]} Be5 {[%clk 0:24:33]} 27. Ra4 {[%clk 0:38:20]} h5 {[%clk 0:18:48]} 28.
Rh4 {[%clk 0:34:35]} Qg2 {[%clk 0:13:16]} 29. Re4 {[%clk 0:34:32]} Bf6 {[%clk
0:08:27]} 30. Re8+ {[%clk 0:32:32]} Rxe8 {[%clk 0:07:57]} 31. Qxe8+ {[%clk
0:32:54]} Kg7 {[%clk 0:08:23]} 32. Qe3 {[%clk 0:30:06]} h4 {[%clk 0:08:33]} 33.
Qh6+ {[%clk 0:30:11]} Kg8 {[%clk 0:09:01]} 34. Qf4 {[%clk 0:18:31]} Kg7 {[%clk
0:06:51]} 35. Qh6+ {[%clk 0:12:16]} Kg8 {[%clk 0:07:19]} 36. Qf4 {[%clk 0:12:11]}
1/2-1/2

[Event "Baku Chess Olympiad | Open"]
[Site "chess24.com"]
[Date "2016.09.12"]
[Round "10"]
[White "Al Sori, Mohamed"]
[Black "Ble, Kouko Hubert"]
[Result "1/2-1/2"]
[Board "3"]
[WhiteID "9200711"]
[WhiteElo "2036"]
[WhiteTitle "CM"]
[WhiteCountry "LBA"]
[WhiteFideId "9200711"]
[WhiteEloChange "-3"]
[BlackID "20800088"]
[BlackElo "1918"]
[BlackCountry "CIV"]
[BlackFideId "20800088"]
[BlackEloChange "3"]

1. Nf3 {[%clk 1:30:58]} Nf6 {[%clk 1:30:50]} 2. c4 {[%clk 1:31:22]} c5 {[%clk
1:31:13]} 3. Nc3 {[%clk 1:31:45]} g6 {[%clk 1:31:16]} 4. g3 {[%clk 1:32:10]} Bg7
{[%clk 1:31:36]} 5. Bg2 {[%clk 1:32:35]} Nc6 {[%clk 1:31:52]} 6. O-O {[%clk
1:32:57]} O-O {[%clk 1:32:18]} 7. a3 {[%clk 1:33:22]} Ne8 {[%clk 1:25:22]} 8. Rb1
{[%clk 1:28:15]} Nd6 {[%clk 1:25:24]} 9. d3 {[%clk 1:27:55]} f5 {[%clk 1:24:23]}
10. Nd5 {[%clk 1:24:43]} Ne8 {[%clk 1:13:39]} 11. b4 {[%clk 1:19:43]} d6 {[%clk
1:08:56]} 12. b5 {[%clk 1:04:23]} Ne5 {[%clk 1:02:01]} 13. Bg5 {[%clk 1:02:27]}
Nxf3+ {[%clk 1:01:10]} 14. Bxf3 {[%clk 1:02:24]} Nf6 {[%clk 1:01:37]} 15. Qc1
{[%clk 0:55:53]} e6 {[%clk 0:56:04]} 16. Nc3 {[%clk 0:53:12]} Qc7 {[%clk
0:52:58]} 17. Bh6 {[%clk 0:51:40]} Rb8 {[%clk 0:49:22]} 18. Bxg7 {[%clk 0:51:42]}
Kxg7 {[%clk 0:49:41]} 19. h4 {[%clk 0:42:18]} b6 {[%clk 0:49:21]} 20. a4 {[%clk
0:42:18]} Bb7 {[%clk 0:49:33]} 21. Bxb7 {[%clk 0:42:12]} Qxb7 {[%clk 0:49:10]}
22. a5 {[%clk 0:42:15]} d5 {[%clk 0:48:37]} 23. axb6 {[%clk 0:35:55]} axb6 {[%clk
0:48:08]} 24. Ra1 {[%clk 0:35:58]} Ra8 {[%clk 0:48:24]} 25. Qf4 {[%clk 0:30:10]}
d4 {[%clk 0:40:14]} 26. Na4 {[%clk 0:29:52]} Nd7 {[%clk 0:29:59]} 27. Qd6 {[%clk
0:28:08]} e5 {[%clk 0:27:58]} 28. Qc6 {[%clk 0:25:59]} Rab8 {[%clk 0:23:40]} 29.
Ra2 {[%clk 0:21:53]} Rf6 {[%clk 0:22:44]} 30. Qxb7 {[%clk 0:19:55]} Rxb7 {[%clk
0:23:12]} 31. f3 {[%clk 0:20:07]} Rb8 {[%clk 0:21:05]} 32. Nb2 {[%clk 0:20:00]}
Rbf8 {[%clk 0:21:31]} 33. Ra7 {[%clk 0:19:32]} R8f7 {[%clk 0:21:59]} 34. Rfa1
{[%clk 0:16:46]} e4 {[%clk 0:18:30]} 35. f4 {[%clk 0:17:10]} Re6 {[%clk 0:16:48]}
36. Kf2 {[%clk 0:15:40]} Rfe7 {[%clk 0:14:37]} 37. R1a2 {[%clk 0:15:44]} Nf6
{[%clk 0:12:15]} 38. Rxe7+ {[%clk 0:15:38]} Rxe7 {[%clk 0:11:15]} 39. Ra6 {[%clk
0:12:08]} e3+ {[%clk 0:10:58]} 40. Kf3 {[%clk 0:42:05]} Rb7 {[%clk 0:41:21]} 41.
Na4 {[%clk 0:42:09]} Nd7 {[%clk 0:41:26]} 42. Kg2 {[%clk 0:38:31]} 1/2-1/2

[Event "Baku Chess Olympiad | Open"]
[Site "chess24.com"]
[Date "2016.09.12"]
[Round "10"]
[White "Maqseed, Nasser"]
[Black "Wong, Brian"]
[Result "0-1"]
[Board "1"]
[WhiteID "10300074"]
[WhiteElo "2000"]
[WhiteTitle "CM"]
[WhiteCountry "KUW"]
[WhiteFideId "10300074"]
[WhiteEloChange "-10"]
[BlackID "6001394"]
[BlackElo "2007"]
[BlackTitle "FM"]
[BlackCountry "HKG"]
[BlackFideId "6001394"]
[BlackEloChange "10"]

1. Nf3 {[%clk 1:30:57]} d5 {[%clk 1:29:52]} 2. d4 {[%clk 1:31:16]} Nf6 {[%clk
1:29:28]} 3. c4 {[%clk 1:31:41]} c6 {[%clk 1:29:05]} 4. e3 {[%clk 1:31:51]} Bf5
{[%clk 1:27:39]} 5. Nc3 {[%clk 1:32:06]} e6 {[%clk 1:27:24]} 6. Bd3 {[%clk
1:28:48]} Bxd3 {[%clk 1:24:56]} 7. Qxd3 {[%clk 1:29:05]} Nbd7 {[%clk 1:21:17]} 8.
O-O {[%clk 1:29:25]} Bd6 {[%clk 1:20:08]} 9. e4 {[%clk 1:29:10]} dxe4 {[%clk
1:17:29]} 10. Nxe4 {[%clk 1:29:31]} Nxe4 {[%clk 1:17:54]} 11. Qxe4 {[%clk
1:29:54]} Nf6 {[%clk 1:17:38]} 12. Qc2 {[%clk 1:29:43]} Qc7 {[%clk 1:15:32]} 13.
Bd2 {[%clk 1:25:42]} h6 {[%clk 1:07:25]} 14. b4 {[%clk 1:24:15]} O-O {[%clk
1:05:27]} 15. Rfe1 {[%clk 1:23:53]} Rfd8 {[%clk 1:01:27]} 16. Ne5 {[%clk
1:15:54]} Nd7 {[%clk 0:56:28]} 17. Bc3 {[%clk 1:00:11]} c5 {[%clk 0:51:29]} 18.
bxc5 {[%clk 0:56:04]} Bxe5 {[%clk 0:51:47]} 19. dxe5 {[%clk 0:54:41]} Qxc5 {[%clk
0:50:30]} 20. Re4 {[%clk 0:33:45]} Rac8 {[%clk 0:47:23]} 21. Rb1 {[%clk 0:32:06]}
Nb6 {[%clk 0:42:47]} 22. Bb4 {[%clk 0:28:52]} Qb5 {[%clk 0:31:17]} 23. Be7 {[%clk
0:14:56]} Rd2 {[%clk 0:31:22]} 24. Qc1 {[%clk 0:09:53]} Qd7 {[%clk 0:31:08]} 25.
Bd6 {[%clk 0:08:46]} Rxa2 {[%clk 0:30:43]} 26. c5 {[%clk 0:04:50]} Nd5 {[%clk
0:28:35]} 27. Rg4 {[%clk 0:04:55]} Kh7 {[%clk 0:26:25]} 28. Qc4 {[%clk 0:05:07]}
Ra5 {[%clk 0:25:08]} 29. Qe4+ {[%clk 0:05:03]} g6 {[%clk 0:21:57]} 30. h4 {[%clk
0:04:16]} Nc3 {[%clk 0:21:11]} 31. Qxb7 {[%clk 0:03:33]} Qxb7 {[%clk 0:16:18]}
32. Rxb7 {[%clk 0:03:58]} Kg7 {[%clk 0:15:16]} 33. Rc4 {[%clk 0:02:59]} Ra1+
{[%clk 0:08:15]} 34. Kh2 {[%clk 0:03:26]} Nd1 {[%clk 0:08:41]} 35. Rf4 {[%clk
0:03:17]} g5 {[%clk 0:07:32]} 36. Rfxf7+ {[%clk 0:03:36]} Kg6 {[%clk 0:07:57]}
37. Rf6+ {[%clk 0:03:21]} Kh5 {[%clk 0:08:15]} 38. hxg5 {[%clk 0:03:33]} Rg8
{[%clk 0:06:26]} 39. Rh7 {[%clk 0:01:57]} Kxg5 {[%clk 0:05:55]} 40. Rfxh6 {[%clk
0:31:21]} Nxf2 {[%clk 0:35:40]} 41. Rh5+ {[%clk 0:24:56]} Kf4 {[%clk 0:35:24]}
42. Rf7+ {[%clk 0:24:22]} Ke3 {[%clk 0:35:36]} 43. g3 {[%clk 0:07:31]} Ra2 {[%clk
0:35:11]} 44. Rxf2 {[%clk 0:07:06]} Kxf2 {[%clk 0:33:48]} 45. Rh4 {[%clk
0:05:46]} Kf3+ {[%clk 0:33:43]} 0-1

[Event "Baku Chess Olympiad | Open"]
[Site "chess24.com"]
[Date "2016.09.12"]
[Round "10"]
[White "Lam, Daniel King-wai"]
[Black "Alkhaldi, Bader"]
[Result "1-0"]
[Board "2"]
[WhiteID "6001238"]
[WhiteElo "2169"]
[WhiteCountry "HKG"]
[WhiteFideId "6001238"]
[WhiteEloChange "5"]
[BlackID "10300171"]
[BlackElo "1956"]
[BlackCountry "KUW"]
[BlackFideId "10300171"]
[BlackEloChange "-5"]

1. e4 {[%clk 1:30:58]} c5 {[%clk 1:30:42]} 2. Nf3 {[%clk 1:31:25]} d6 {[%clk
1:31:06]} 3. d4 {[%clk 1:31:53]} cxd4 {[%clk 1:31:26]} 4. Nxd4 {[%clk 1:32:21]}
Nf6 {[%clk 1:31:43]} 5. Nc3 {[%clk 1:32:50]} g6 {[%clk 1:32:03]} 6. Be3 {[%clk
1:33:17]} a6 {[%clk 1:31:28]} 7. f3 {[%clk 1:33:38]} b5 {[%clk 1:31:07]} 8. Qd2
{[%clk 1:33:08]} Bb7 {[%clk 1:30:09]} 9. O-O-O {[%clk 1:30:03]} Nbd7 {[%clk
1:30:23]} 10. Kb1 {[%clk 1:28:38]} Rc8 {[%clk 1:30:29]} 11. g4 {[%clk 1:27:32]}
h6 {[%clk 1:30:41]} 12. Bg2 {[%clk 1:26:51]} b4 {[%clk 1:13:27]} 13. Nce2 {[%clk
1:26:54]} e5 {[%clk 1:13:37]} 14. Nb3 {[%clk 1:26:22]} d5 {[%clk 1:04:00]} 15.
exd5 {[%clk 1:20:35]} Nxd5 {[%clk 1:02:07]} 16. f4 {[%clk 1:14:46]} Nc3+ {[%clk
0:36:36]} 17. Nxc3 {[%clk 1:13:41]} Bxg2 {[%clk 0:35:24]} 18. Qxg2 {[%clk
1:11:29]} bxc3 {[%clk 0:34:40]} 19. fxe5 {[%clk 1:11:15]} Bg7 {[%clk 0:31:41]}
20. e6 {[%clk 1:07:05]} fxe6 {[%clk 0:29:32]} 21. Qe4 {[%clk 1:05:49]} Qe7 {[%clk
0:24:11]} 22. Qxg6+ {[%clk 1:05:03]} Kf8 {[%clk 0:24:19]} 23. Rhf1+ {[%clk
1:04:03]} Kg8 {[%clk 0:23:42]} 24. Bd4 {[%clk 1:02:42]} e5 {[%clk 0:23:17]} 25.
Bxc3 {[%clk 1:02:36]} Rxc3 {[%clk 0:23:39]} 26. bxc3 {[%clk 1:02:55]} h5 {[%clk
0:22:59]} 27. Qd6 {[%clk 1:00:58]} Qxd6 {[%clk 0:21:38]} 28. Rxd6 {[%clk
1:01:23]} Nf8 {[%clk 0:20:47]} 29. gxh5 {[%clk 1:01:06]} Rxh5 {[%clk 0:21:07]}
30. Rxa6 {[%clk 1:01:23]} Rxh2 {[%clk 0:21:15]} 31. Rg1 {[%clk 1:01:39]} Kh8
{[%clk 0:20:49]} 32. Ra7 {[%clk 0:58:41]} Bh6 {[%clk 0:21:05]} 33. Re7 {[%clk
0:58:39]} Rh5 {[%clk 0:20:52]} 34. a4 {[%clk 0:58:24]} Rf5 {[%clk 0:20:55]} 35.
Rh1 {[%clk 0:58:32]} Rf6 {[%clk 0:19:40]} 36. Rxe5 {[%clk 0:58:47]} Nd7 {[%clk
0:19:48]} 37. Re8+ {[%clk 0:58:53]} 1-0

[Event "Baku Chess Olympiad | Open"]
[Site "chess24.com"]
[Date "2016.09.12"]
[Round "10"]
[White "Alothman, Abdul Wahab"]
[Black "Pang Yui Kuen"]
[Result "1-0"]
[Board "3"]
[WhiteID "10300015"]
[WhiteElo "2056"]
[WhiteTitle "CM"]
[WhiteCountry "KUW"]
[WhiteFideId "10300015"]
[WhiteEloChange "7"]
[BlackID "6001890"]
[BlackElo "1963"]
[BlackCountry "HKG"]
[BlackFideId "6001890"]
[BlackEloChange "-7"]

1. d4 {[%clk 1:30:56]} d5 {[%clk 1:30:49]} 2. Nf3 {[%clk 1:31:18]} Nf6 {[%clk
1:31:09]} 3. c4 {[%clk 1:31:27]} c6 {[%clk 1:31:19]} 4. Nc3 {[%clk 1:31:15]} e6
{[%clk 1:31:11]} 5. e3 {[%clk 1:30:46]} Nbd7 {[%clk 1:30:27]} 6. Qc2 {[%clk
1:29:45]} Be7 {[%clk 1:29:38]} 7. Bd3 {[%clk 1:29:28]} O-O {[%clk 1:27:36]} 8.
O-O {[%clk 1:28:20]} dxc4 {[%clk 1:19:50]} 9. Bxc4 {[%clk 1:28:42]} Qc7 {[%clk
1:09:26]} 10. e4 {[%clk 1:21:56]} e5 {[%clk 1:05:05]} 11. h3 {[%clk 1:09:11]}
exd4 {[%clk 0:58:34]} 12. Nxd4 {[%clk 1:09:15]} Ne5 {[%clk 0:57:10]} 13. Be2
{[%clk 1:08:45]} a6 {[%clk 0:44:05]} 14. Be3 {[%clk 1:03:51]} c5 {[%clk 0:44:02]}
15. Nf3 {[%clk 1:01:30]} Be6 {[%clk 0:38:38]} 16. Nxe5 {[%clk 0:57:39]} Qxe5
{[%clk 0:38:59]} 17. f4 {[%clk 0:57:51]} Qc7 {[%clk 0:39:05]} 18. f5 {[%clk
0:57:19]} Bd7 {[%clk 0:38:13]} 19. Rad1 {[%clk 0:47:26]} Bd6 {[%clk 0:34:52]} 20.
g4 {[%clk 0:39:04]} Bc6 {[%clk 0:31:40]} 21. g5 {[%clk 0:29:49]} Nd7 {[%clk
0:21:14]} 22. Nd5 {[%clk 0:26:24]} Qb8 {[%clk 0:19:32]} 23. f6 {[%clk 0:25:06]}
Re8 {[%clk 0:13:17]} 24. fxg7 {[%clk 0:23:29]} Kxg7 {[%clk 0:11:45]} 25. Bh5
{[%clk 0:20:15]} Rf8 {[%clk 0:10:55]} 26. Qf2 {[%clk 0:16:34]} Qe8 {[%clk
0:10:18]} 27. Nf6 {[%clk 0:15:16]} Qe7 {[%clk 0:09:22]} 28. Qf5 {[%clk 0:13:49]}
Bxe4 {[%clk 0:04:57]} 29. Nxe4 {[%clk 0:12:41]} Rae8 {[%clk 0:05:15]} 30. Rxd6
{[%clk 0:11:10]} 1-0

[Event "Baku Chess Olympiad | Open"]
[Site "chess24.com"]
[Date "2016.09.12"]
[Round "10"]
[White "Borigas, Edgardo"]
[Black "Al Khateeb, Taher"]
[Result "0-1"]
[Board "4"]
[WhiteID "6000398"]
[WhiteElo "1894"]
[WhiteCountry "HKG"]
[WhiteFideId "6000398"]
[WhiteEloChange "-7"]
[BlackID "10300058"]
[BlackElo "2002"]
[BlackTitle "CM"]
[BlackCountry "KUW"]
[BlackFideId "10300058"]
[BlackEloChange "7"]

1. d4 {[%clk 1:30:54]} Nf6 {[%clk 1:30:48]} 2. Nf3 {[%clk 1:31:10]} d5 {[%clk
1:31:12]} 3. h3 {[%clk 1:30:12]} c5 {[%clk 1:31:21]} 4. c3 {[%clk 1:30:00]} e6
{[%clk 1:31:06]} 5. Bf4 {[%clk 1:30:07]} Nc6 {[%clk 1:30:35]} 6. e3 {[%clk
1:30:18]} Qb6 {[%clk 1:30:14]} 7. Qb3 {[%clk 1:28:31]} Bd7 {[%clk 1:30:09]} 8.
Qxb6 {[%clk 1:27:56]} axb6 {[%clk 1:30:25]} 9. Bc7 {[%clk 1:28:10]} cxd4 {[%clk
1:29:31]} 10. exd4 {[%clk 1:28:05]} Na5 {[%clk 1:28:56]} 11. Nbd2 {[%clk
1:27:32]} b5 {[%clk 1:28:30]} 12. Ne5 {[%clk 1:21:46]} Nc4 {[%clk 1:25:53]} 13.
Nxd7 {[%clk 1:21:37]} Kxd7 {[%clk 1:25:08]} 14. Be5 {[%clk 1:20:01]} Kc6 {[%clk
1:13:16]} 15. a4 {[%clk 1:19:45]} Rxa4 {[%clk 1:10:06]} 16. Rxa4 {[%clk 1:17:31]}
bxa4 {[%clk 1:10:33]} 17. Nxc4 {[%clk 1:17:21]} dxc4 {[%clk 1:10:58]} 18. Bxc4
{[%clk 1:17:13]} b5 {[%clk 1:10:31]} 19. Bd3 {[%clk 1:15:00]} Nd7 {[%clk
1:04:48]} 20. Be4+ {[%clk 1:12:38]} Kb6 {[%clk 1:05:02]} 21. Bg3 {[%clk 1:12:23]}
Nf6 {[%clk 1:02:50]} 22. Bf3 {[%clk 1:10:04]} Nd5 {[%clk 1:02:42]} 23. Kd2 {[%clk
1:10:02]} Be7 {[%clk 1:00:34]} 24. Re1 {[%clk 1:06:15]} Rd8 {[%clk 0:54:22]} 25.
Be4 {[%clk 1:04:21]} g6 {[%clk 0:47:35]} 26. Kd3 {[%clk 1:01:07]} Nf6 {[%clk
0:44:29]} 27. Bf3 {[%clk 0:57:46]} Nd7 {[%clk 0:39:07]} 28. Kc2 {[%clk 0:56:53]}
Nf6 {[%clk 0:36:40]} 29. Be5 {[%clk 0:53:25]} Nd5 {[%clk 0:36:43]} 30. g4 {[%clk
0:49:45]} Rd7 {[%clk 0:34:13]} 31. b3 {[%clk 0:45:26]} a3 {[%clk 0:11:34]} 32. b4
{[%clk 0:37:20]} Bh4 {[%clk 0:05:22]} 33. Ra1 {[%clk 0:32:42]} Bxf2 {[%clk
0:03:58]} 34. Rxa3 {[%clk 0:32:36]} Ra7 {[%clk 0:02:50]} 35. Rxa7 {[%clk
0:25:21]} Kxa7 {[%clk 0:03:19]} 36. Kd2 {[%clk 0:15:45]} Kb6 {[%clk 0:01:44]} 37.
Bd6 {[%clk 0:14:50]} Bh4 {[%clk 0:01:00]} 38. Be5 {[%clk 0:12:22]} Bg5+ {[%clk
0:00:57]} 39. Kc2 {[%clk 0:10:27]} Bh4 {[%clk 0:00:54]} 40. Kb3 {[%clk 0:36:25]}
Be1 {[%clk 0:31:00]} 41. Bxd5 {[%clk 0:32:24]} exd5 {[%clk 0:31:26]} 42. g5
{[%clk 0:31:09]} Kc6 {[%clk 0:31:15]} 43. Kc2 {[%clk 0:31:26]} Kd7 {[%clk
0:31:39]} 44. Kd3 {[%clk 0:31:22]} Ke6 {[%clk 0:32:04]} 45. Bf4 {[%clk 0:29:37]}
Kf5 {[%clk 0:32:21]} 46. Be3 {[%clk 0:17:23]} Bh4 {[%clk 0:32:25]} 47. Bd2 {[%clk
0:15:13]} Bg3 {[%clk 0:29:50]} 48. Be3 {[%clk 0:13:25]} Bf4 {[%clk 0:29:33]} 49.
h4 {[%clk 0:11:55]} Bg3 {[%clk 0:29:45]} 0-1